000 00412nam a2200181Ia 4500
005 20251126115727.0
020 _a9780321500762
050 _aQC 21.3 .Y68/
100 _aYoung, Hugh D.
245 0 _aSears and Zemansky's University physics
250 _a12th ed.
260 _aSan Francisco
260 _bPearson Education
260 _c2008
300 _a1551 p
650 _aPhysics
942 _cBK
_2lcc
999 _c44038
_d44038